| 000 | 00663nam a2200169 a 4500 | ||
|---|---|---|---|
| 001 | 000031271 | ||
| 005 | 20200930062820.0 | ||
| 008 | 110503s2008 dr ac 000 0 spa d | ||
| 040 |
_aDO-SdBNP _bspa _cBNPHU |
||
| 082 |
_axxx _bC744 |
||
| 111 | 2 |
_aConcurso de Arte Eduardo León Jimenes _n(22 : _d2008 : _cSantiago de los Caballeros, República Dominicana) _957737 |
|
| 245 | 1 | 0 |
_aCatalogo de obras 2008 / _cintroducción Lidia León Cabral. |
| 246 | 2 | 2 | _aConcurso de arte Eduardo León Jimenes |
| 260 |
_aSantiago de los Caballeros, República Dominicana : _bCentro León, _c2008. |
||
| 300 |
_a146 p. : _bil., retrs. ; _c31 cm. |
||
| 700 | 1 |
_aLeón Cabral, José _957738 |
|
| 999 |
_c30763 _d30763 |
||